Tiny drinks - Statistics

General Stats
  • This quiz has been taken 32 times
  • The average score is 5 of 10
Answer Stats
Picture Answer % Correct
Beer
92%
Orange Juice
81%
Wine
73%
Milk
65%
Tomato Juice
62%
Apple Juice
50%
Vodka
23%
Cider
19%
Pina Colada
19%
Strawberry Juice
19%
No matching quizzes found
Score Distribution
Percent of People with Each Score
Percentile by Number Answered
Your Score History
You have not taken this quiz